Análisis de riesgo de incendio del Liceo de Curridabat, y su adecuacción para cumplir con la Ley 7600
محفوظ في:
| المؤلف الرئيسي: | |
|---|---|
| التنسيق: | كتاب |
| منشور في: |
[San José, Costa Rica]
2011
|
| الموضوعات: | |
| الوسوم: |
إضافة وسم
لا توجد وسوم, كن أول من يضع وسما على هذه التسجيلة!
|
MARC
| LEADER | 00000nam a2200000Ia 4500 | ||
|---|---|---|---|
| 003 | 010263 | ||
| 005 | 20221231144030.0 | ||
| 008 | 140114s2011 cr a 000 ||s d | ||
| 040 | |c cru CEDI | ||
| 090 | |a TFG 6315 | ||
| 100 | |a Cedeño Molinari, Andrés |9 2690 | ||
| 245 | |a Análisis de riesgo de incendio del Liceo de Curridabat, y su adecuacción para cumplir con la Ley 7600 | ||
| 260 | |c 2011 |b [San José, Costa Rica] | ||
| 500 | |a Proyecto de graduación (licenciatura en ingeniería civil)--Universidad de Costa Rica. Facultad de Ingeniería. Escuela de Ingeniería Civil | ||
| 650 | |x LICEO DE CURRIDABAT (SAN JOSE, COSTA RICA) |x EVALUACION DE RIESGOS CONTRA INCENDIOS |x INCENDIOS Y PREVENCION DEL FUEGO |x INCENDIOS |x MEDIDAS DE SEGURIDAD |x ARQUITECTURA Y PERSONAS CON DISCAPACIDADES |x PERCEPCION DE RIESGOS |9 2691 | ||
| 942 | |c TFG | ||
| 999 | |c 15890 |d 15890 | ||
